[Event "GBR-ch 103th"]
[Site "Bournemouth"]
[Date "2016.08.03"]
[Round "9.20"]
[White "Gill, Oliver"]
[Black "Rudd, Jack"]
[Result "1-0"]
[WhiteElo "2102"]
[BlackElo "2213"]
[PlyCount "63"]
[EventDate "2016.07.25"]
[EventType "swiss"]
[EventRounds "11"]
[EventCountry "GBR"]

1. e4 e5 2. Nf3 Nc6 3. Bb5 Nf6 4. O-O Nxe4 5. Re1 Nd6 6. Nxe5 Nxe5 7. Rxe5+ Be7
8. Bd3 O-O 9. Nc3 c6 10. b3 Bf6 11. Re1 Ne8 12. Qf3 d6 13. Rb1 g6 14. Ne4 Bg7
15. Ba3 f5 16. Ng3 Qg5 17. Re2 Bd7 18. Rbe1 Rd8 19. h3 Bc8 20. Bb4 Nf6 21. Bc4+
Kh8 22. Be6 Bxe6 23. Rxe6 c5 24. Bc3 d5 25. d3 f4 26. Nf1 Nh5 27. Bxg7+ Nxg7
28. R6e5 Rf5 29. Re7 Qf6 30. Nh2 h5 31. Qe2 Qc6 32. Rxg7 1-0

[Event "GBR-ch 103th"]
[Site "Bournemouth"]
[Date "2016.08.03"]
[Round "9.21"]
[White "Brooks, Phil J"]
[Black "Shaw, Peter"]
[Result "1/2-1/2"]
[WhiteElo "2190"]
[BlackElo "2143"]
[PlyCount "63"]
[EventDate "2016.07.25"]
[EventType "swiss"]
[EventRounds "11"]
[EventCountry "GBR"]

1. d4 f5 2. c4 Nf6 3. e3 e6 4. Bd3 Be7 5. Nc3 O-O 6. Nge2 d6 7. Qc2 Nc6 8. a3
Qe8 9. O-O Bd8 10. b4 Ne7 11. e4 fxe4 12. Nxe4 Nf5 13. N4g3 Nxg3 14. Nxg3 Kh8
15. Bb2 Qf7 16. Rae1 Bd7 17. Ne4 Ng4 18. Ng3 Nf6 19. Bc1 Be7 20. Ne4 Ng4 21. h3
Nh6 22. Ng3 Nf5 23. Nxf5 exf5 24. f4 Bf6 25. Bb2 g6 26. d5 Qg7 27. Bxf6 Qxf6
28. Qf2 b6 29. Re3 Rae8 30. Rfe1 Rxe3 31. Rxe3 Re8 32. Rxe8+ 1/2-1/2

[Event "GBR-ch 103th"]
[Site "Bournemouth"]
[Date "2016.08.03"]
[Round "9.22"]
[White "Hand, Freddie"]
[Black "Coleman, David J"]
[Result "1-0"]
[WhiteElo "2062"]
[BlackElo "2181"]
[PlyCount "37"]
[EventDate "2016.07.25"]
[EventType "swiss"]
[EventRounds "11"]
[EventCountry "GBR"]

1. d4 Nf6 2. c4 Nc6 3. Nc3 e5 4. d5 Ne7 5. Nf3 Ng6 6. h4 h5 7. Bg5 d6 8. Qc2
Be7 9. e3 Nf8 10. c5 a6 11. Be2 N8d7 12. c6 Nf8 13. cxb7 Bxb7 14. Rd1 N8h7 15.
Bd3 Nxg5 16. hxg5 Nxd5 17. g6 Nb4 18. Qa4+ Nc6 19. Qb3 1-0

[Event "GBR-ch 103th"]
[Site "Bournemouth"]
[Date "2016.08.03"]
[Round "9.23"]
[White "Taylor, Adam A"]
[Black "Starley, Robert"]
[Result "1-0"]
[WhiteElo "2168"]
[BlackElo "2001"]
[PlyCount "73"]
[EventDate "2016.07.25"]
[EventType "swiss"]
[EventRounds "11"]
[EventCountry "GBR"]

1. Nf3 d5 2. c4 d4 3. e3 Nc6 4. b4 dxe3 5. fxe3 Nxb4 6. d4 e6 7. Nc3 c5 8. a3
cxd4 9. exd4 Na6 10. Be2 Nf6 11. O-O Be7 12. Ne5 O-O 13. Bf3 Nc7 14. Kh1 Rb8
15. Rb1 Bd7 16. Bxb7 Nb5 17. Nxb5 Rxb7 18. Qf3 Qa8 19. Bg5 Bxb5 20. cxb5 Nd5
21. Bd2 Bf6 22. Nc6 Qc8 23. Qg4 Kh8 24. a4 Qd7 25. h4 a6 26. Rb3 axb5 27. axb5
Nc7 28. Rg3 Rxb5 29. Rxf6 Ne8 30. Bh6 gxh6 31. Ne5 Rxe5 32. dxe5 Qc7 33. Qf4
Qa7 34. Qxh6 Rg8 35. Rxg8+ Kxg8 36. Qg5+ Kh8 37. Rf3 1-0

[Event "GBR-ch 103th"]
[Site "Bournemouth"]
[Date "2016.08.03"]
[Round "9.24"]
[White "Lentzos, Ioannis"]
[Black "Wall, Tim P"]
[Result "1-0"]
[WhiteElo "2016"]
[BlackElo "2162"]
[PlyCount "57"]
[EventDate "2016.07.25"]
[EventType "swiss"]
[EventRounds "11"]
[EventCountry "GBR"]

1. c4 e5 2. Nc3 Bb4 3. Nd5 Bc5 4. Nf3 c6 5. Nc3 d6 6. d4 exd4 7. Nxd4 Nf6 8. e3
O-O 9. Be2 d5 10. O-O Re8 11. b3 Nbd7 12. cxd5 cxd5 13. Bb2 Ne5 14. Rc1 Bd6 15.
Ncb5 Bb8 16. Qc2 Neg4 17. Nf3 Re6 18. Nbd4 Re4 19. h3 Nh6 20. Bd3 Re7 21. Ng5
Be5 22. f4 Rc7 23. Bxh7+ Kh8 24. Qd3 Rxc1 25. Rxc1 Bd6 26. Bf5 Bd7 27. Bxd7
Qxd7 28. Nb5 Be7 29. Bxf6 1-0

[Event "GBR-ch 103th"]
[Site "Bournemouth"]
[Date "2016.08.03"]
[Round "9.25"]
[White "Zhu, Richard"]
[Black "Graham, David B"]
[Result "0-1"]
[WhiteElo "1905"]
[BlackElo "2152"]
[PlyCount "126"]
[EventDate "2016.07.25"]
[EventType "swiss"]
[EventRounds "11"]
[EventCountry "GBR"]

1. d4 Nf6 2. c4 g6 3. g3 Bg7 4. Bg2 d6 5. Nc3 O-O 6. Nf3 Nc6 7. O-O Bg4 8. d5
Na5 9. Nd2 c5 10. Qc2 e5 11. b3 a6 12. Bb2 b5 13. h3 Bd7 14. Nce4 Nxe4 15. Nxe4
f5 16. Nd2 Rb8 17. Rab1 Nb7 18. f4 e4 19. Bxg7 Kxg7 20. Qc3+ Qf6 21. Qxf6+ Kxf6
22. e3 Na5 23. Rfc1 Rb6 24. Bf1 Rfb8 25. Kf2 b4 26. Be2 Nb7 27. Ra1 a5 28. a4
bxa3 29. Rxa3 Rb4 30. Bd1 h6 31. Ke2 a4 32. bxa4 Na5 33. Rcc3 Bc8 34. Bb3 Ba6
35. Ba2 g5 36. Kd1 gxf4 37. gxf4 Rg8 38. Nb3 Nxc4 39. Rxc4 Bxc4 40. a5 Rg2 41.
Kc1 Rxa2 42. Rxa2 Bxb3 43. Ra3 Bxd5 44. a6 Ba8 45. a7 Ke6 46. Kc2 Kd7 47. Ra1
Kc6 48. Rg1 Rb7 49. Rg6 Rxa7 50. Rxh6 Ra2+ 51. Kc3 Re2 52. h4 Rxe3+ 53. Kd2 Rf3
54. h5 Rxf4 55. Rh8 Bb7 56. h6 Rh4 57. Ke3 d5 58. h7 d4+ 59. Kd2 Rh2+ 60. Kc1
f4 61. Kd1 f3 62. Ke1 f2+ 63. Ke2 Ba6+ 0-1

[Event "GBR-ch 103th"]
[Site "Bournemouth"]
[Date "2016.08.03"]
[Round "9.26"]
[White "Menadue, Jeremy FS"]
[Black "Kalaiyalahan, Akshaya"]
[Result "1-0"]
[WhiteElo "2034"]
[BlackElo "2288"]
[PlyCount "69"]
[EventDate "2016.07.25"]
[EventType "swiss"]
[EventRounds "11"]
[EventCountry "GBR"]

1. d4 Nf6 2. c4 g6 3. Nc3 Bg7 4. e4 d6 5. f3 O-O 6. Bg5 Nc6 7. d5 Ne5 8. f4
Ned7 9. Nf3 Nc5 10. Bd3 c6 11. Qd2 cxd5 12. cxd5 Bg4 13. O-O Qb6 14. Kh1 Nxd3
15. Qxd3 Nd7 16. Rab1 Nc5 17. Qe2 a5 18. Bxe7 Rfe8 19. Bh4 f5 20. e5 dxe5 21.
fxe5 Bxe5 22. Qc4 Qb4 23. Nxe5 Rxe5 24. Rf4 Nd3 25. Rxg4 fxg4 26. Qxd3 Rae8 27.
d6 g5 28. Bg3 R5e6 29. d7 Rd8 30. Qd5 Qe7 31. Rd1 Kg7 32. Qd4+ Kg8 33. h3 gxh3
34. gxh3 Re3 35. Nd5 1-0

[Event "GBR-ch 103th"]
[Site "Bournemouth"]
[Date "2016.08.03"]
[Round "9.27"]
[White "Nelson, Jonathan P"]
[Black "Hewson, Brian Wr"]
[Result "1/2-1/2"]
[WhiteElo "2207"]
[BlackElo "2082"]
[PlyCount "63"]
[EventDate "2016.07.25"]
[EventType "swiss"]
[EventRounds "11"]
[EventCountry "GBR"]

1. e4 c6 2. d4 d5 3. exd5 cxd5 4. c4 Nf6 5. Nc3 g6 6. cxd5 Bg7 7. Qb3 O-O 8.
Be2 Nbd7 9. Bf3 Nb6 10. Bf4 Bf5 11. Rd1 Qd7 12. Nge2 Bg4 13. Bxg4 Qxg4 14. O-O
Qd7 15. d6 exd6 16. d5 Rfe8 17. Ng3 Rad8 18. h3 h6 19. Be3 Nc8 20. Bd4 Re7 21.
a4 Rde8 22. Nb5 a6 23. Na3 Ne4 24. Bxg7 Kxg7 25. Nxe4 Rxe4 26. a5 Qc7 27. Nb1
Qxa5 28. Qxb7 Qb6 29. Qxb6 Nxb6 30. Nc3 Rb4 31. Ra1 Ra8 32. Ra2 1/2-1/2

[Event "GBR-ch 103th"]
[Site "Bournemouth"]
[Date "2016.08.03"]
[Round "9.28"]
[White "Jones, Steven A"]
[Black "Birkett, Richard"]
[Result "1-0"]
[WhiteElo "2186"]
[BlackElo "2053"]
[PlyCount "69"]
[EventDate "2016.07.25"]
[EventType "swiss"]
[EventRounds "11"]
[EventCountry "GBR"]

1. e4 c5 2. Nf3 Nc6 3. d4 cxd4 4. Nxd4 e6 5. Nc3 a6 6. Be3 Nf6 7. f4 Bb4 8. Bd3
d5 9. e5 Nd7 10. O-O Bc5 11. Nce2 Nb4 12. a3 Nxd3 13. cxd3 O-O 14. b4 Bb6 15.
Kh1 Qe7 16. Qe1 a5 17. Rb1 axb4 18. axb4 f5 19. Qc3 Re8 20. Bg1 Nf8 21. Nxf5
exf5 22. Bxb6 Bd7 23. Bc5 Qh4 24. Bxf8 Rxf8 25. Qc7 Be8 26. Qxb7 Bf7 27. Nd4
Rfb8 28. Qd7 Qg4 29. e6 Be8 30. Qxd5 g6 31. b5 Rd8 32. Qe5 Ra2 33. Rg1 Ra4 34.
Nc6 Bxc6 35. bxc6 1-0

[Event "GBR-ch 103th"]
[Site "Bournemouth"]
[Date "2016.08.03"]
[Round "9.29"]
[White "Hackner, Oskar A"]
[Black "Pleasants, Allan J"]
[Result "1/2-1/2"]
[WhiteElo "2156"]
[BlackElo "2038"]
[PlyCount "166"]
[EventDate "2016.07.25"]
[EventType "swiss"]
[EventRounds "11"]
[EventCountry "GBR"]

1. d4 Nf6 2. c4 Nc6 3. Nf3 e6 4. Bg5 h6 5. Bh4 Be7 6. e3 d6 7. Nc3 O-O 8. Bd3
e5 9. d5 Nb8 10. h3 Nbd7 11. g4 e4 12. Bxf6 Bxf6 13. Bxe4 Bxc3+ 14. bxc3 Nc5
15. Bf5 Bxf5 16. gxf5 Qf6 17. Nd4 Rfe8 18. Qc2 Rac8 19. Rg1 c6 20. dxc6 bxc6
21. Ne2 Re5 22. Ng3 Qh4 23. Rd1 Rce8 24. Qe2 Ne4 25. Qg4 Qxg4 26. hxg4 Nxg3 27.
Rxg3 Rc5 28. Rxd6 Rxc4 29. Kd2 Ra4 30. Kd3 Rxa2 31. f4 a5 32. Rxc6 a4 33. g5
hxg5 34. Rxg5 a3 35. f6 g6 36. Ra6 Rd8+ 37. Ke4 Rc8 38. f5 Re8+ 39. Kf3 Kh7 40.
fxg6+ fxg6 41. Ra7+ Kh6 42. Rg1 Re6 43. Rh1+ Kg5 44. f7 Rf6+ 45. Ke4 Raf2 46.
Ra5+ R2f5 47. Rg1+ Kh6 48. Rxa3 Re6+ 49. Kd3 Rd6+ 50. Ke2 Rxf7 51. c4 Rc7 52.
Rc3 Rdc6 53. Rgc1 Rc5 54. Kd3 Rd7+ 55. Ke4 Kg5 56. Rd3 Re7+ 57. Kd4 Rec7 58. e4
Kf6 59. Rf3+ Ke6 60. Rg3 g5 61. Rh3 Rc8 62. Rh6+ Kf7 63. Rd6 g4 64. Rd5 Rxd5+
65. exd5 g3 66. Rg1 Rg8 67. Rg2 Rg4+ 68. Ke5 Ke7 69. c5 Rg5+ 70. Ke4 Rg4+ 71.
Kf5 Rc4 72. Rxg3 Rxc5 73. Ke5 Rc1 74. Rg7+ Ke8 75. Kd6 Ra1 76. Rg8+ Kf7 77. Rh8
Ra6+ 78. Kc7 Ra7+ 79. Kb6 Ra1 80. Kc6 Ra6+ 81. Kb5 Ra1 82. Rh7+ Ke8 83. Kb6 Kd8
1/2-1/2

[Event "GBR-ch 103th"]
[Site "Bournemouth"]
[Date "2016.08.03"]
[Round "9.30"]
[White "Crocker, Philip J"]
[Black "Ralphs, Nigel"]
[Result "1-0"]
[WhiteElo "2122"]
[BlackElo "2000"]
[PlyCount "53"]
[EventDate "2016.07.25"]
[EventType "swiss"]
[EventRounds "11"]
[EventCountry "GBR"]

1. c4 e6 2. g3 d5 3. Bg2 Nf6 4. Nf3 Be7 5. O-O O-O 6. b3 c5 7. Bb2 Nc6 8. e3 b6
9. Nc3 Bb7 10. cxd5 exd5 11. d4 Qd7 12. Ne5 Qe6 13. Ne2 cxd4 14. Nxc6 Qxc6 15.
Nxd4 Qd7 16. Qd3 Ne4 17. Rac1 Bf6 18. Ba3 Rfd8 19. Rc2 Rac8 20. Rfc1 Rxc2 21.
Rxc2 a6 22. Ne2 Be5 23. Bb2 f6 24. Nf4 Bxf4 25. exf4 Re8 26. Re2 Kf7 27. Bxe4
1-0

[Event "GBR-ch 103th"]
[Site "Bournemouth"]
[Date "2016.08.03"]
[Round "9.31"]
[White "Longson, Sarah N"]
[Black "Brewer, Callum D"]
[Result "1-0"]
[WhiteElo "2117"]
[BlackElo "1988"]
[PlyCount "59"]
[EventDate "2016.07.25"]
[EventType "swiss"]
[EventRounds "11"]
[EventCountry "GBR"]

1. e4 c6 2. d4 d5 3. Nd2 dxe4 4. Nxe4 Nd7 5. Ng5 Ngf6 6. Bd3 e6 7. N1f3 Bd6 8.
Qe2 h6 9. Ne4 Nxe4 10. Qxe4 Qc7 11. O-O b6 12. Qg4 Kf8 13. b3 Bb7 14. Re1 c5
15. dxc5 bxc5 16. Bb2 Nf6 17. Qh3 h5 18. Ne5 Rh6 19. c4 Ng4 20. f4 Rd8 21. Rad1
f5 22. Bc2 Bxe5 23. fxe5 Rxd1 24. Rxd1 Nxe5 25. Bxf5 exf5 26. Qxf5+ Nf7 27. Rd7
Qxd7 28. Qxd7 Bc6 29. Qc8+ Ke7 30. Bxg7 1-0

[Event "GBR-ch 103th"]
[Site "Bournemouth"]
[Date "2016.08.03"]
[Round "9.32"]
[White "Elwin, Adrian G"]
[Black "Klingher, Dominic"]
[Result "0-1"]
[WhiteElo "1992"]
[BlackElo "2117"]
[PlyCount "94"]
[EventDate "2016.07.25"]
[EventType "swiss"]
[EventRounds "11"]
[EventCountry "GBR"]

1. d4 Nf6 2. c4 c5 3. d5 b5 4. Qc2 d6 5. e4 g6 6. h3 Bg7 7. Nf3 O-O 8. Bd3 Na6
9. Bd2 Nb4 10. Bxb4 cxb4 11. Nbd2 bxc4 12. Nxc4 Nd7 13. a3 bxa3 14. Rxa3 Nc5
15. O-O Bd7 16. Nce5 Rc8 17. Nxd7 Qxd7 18. b4 Nxe4 19. Qa4 Qxa4 20. Rxa4 Nc3
21. Rxa7 Nxd5 22. Ba6 Rb8 23. b5 e6 24. Rb1 Nc3 25. Rb4 Rb6 26. Rb7 Rb8 27.
Rxb8+ Rxb8 28. Kf1 d5 29. b6 Ne4 30. Bd3 Nc5 31. Ke2 Nd7 32. b7 Nc5 33. Rb5 Bf8
34. Ne5 Rxb7 35. Rxb7 Nxb7 36. f3 Nc5 37. Bc2 Bd6 38. Ng4 Kg7 39. Ne3 Nd7 40.
Ba4 Nf6 41. g4 Bc7 42. Kd3 h5 43. Bc6 h4 44. Ng2 Bg3 45. Ke3 g5 46. Bb5 Kf8 47.
f4 Nxg4+ 0-1

[Event "GBR-ch 103th"]
[Site "Bournemouth"]
[Date "2016.08.03"]
[Round "9.33"]
[White "Simons, Martin J"]
[Black "Britton, Richard L"]
[Result "1-0"]
[WhiteElo "2015"]
[BlackElo "2188"]
[PlyCount "63"]
[EventDate "2016.07.25"]
[EventType "swiss"]
[EventRounds "11"]
[EventCountry "GBR"]

1. d4 Nf6 2. f3 d5 3. e4 dxe4 4. Nc3 exf3 5. Nxf3 g6 6. Bc4 Bg7 7. O-O O-O 8.
h3 Nc6 9. Be3 Nb4 10. Qd2 c6 11. Bh6 Nbd5 12. Rae1 Be6 13. Bxg7 Kxg7 14. Ng5
Bc8 15. Rf2 b6 16. Qe2 h6 17. Nf3 Be6 18. Ne5 Rc8 19. Bd3 g5 20. Qd2 Nf4 21.
Rxf4 gxf4 22. Qxf4 Rh8 23. Re3 Kf8 24. Ne2 c5 25. c4 b5 26. b3 Qb6 27. d5 Bxd5
28. cxd5 c4 29. Bg6 fxg6 30. Nd7+ Kf7 31. Nxb6 axb6 32. d6 1-0

[Event "GBR-ch 103th"]
[Site "Bournemouth"]
[Date "2016.08.03"]
[Round "9.34"]
[White "Smith, Andrew P"]
[Black "Golding, James"]
[Result "1-0"]
[WhiteElo "2145"]
[BlackElo "1991"]
[PlyCount "107"]
[EventDate "2016.07.25"]
[EventType "swiss"]
[EventRounds "11"]
[EventCountry "GBR"]

1. e4 e5 2. Nf3 Nc6 3. Nc3 Nf6 4. d4 exd4 5. Nd5 Nxd5 6. exd5 Bb4+ 7. Bd2 Qe7+
8. Be2 d3 9. cxd3 Ne5 10. O-O Nxf3+ 11. Bxf3 Bxd2 12. Qxd2 O-O 13. Qc3 Qd6 14.
Rac1 c6 15. Rfe1 a5 16. Re4 Ra6 17. Rce1 b5 18. Re7 cxd5 19. Bxd5 Qxd5 20. Qxc8
Re6 21. R1xe6 dxe6 22. Re8 Qd6 23. Rxf8+ Qxf8 24. Qa6 h6 25. Qxb5 Qc8 26. g3 g6
27. h4 Qc1+ 28. Kg2 Qd2 29. a3 Kg7 30. b4 axb4 31. axb4 Qc3 32. Qc4 Qa3 33.
Qd4+ Kg8 34. b5 Qb3 35. b6 Qb5 36. Qd6 g5 37. hxg5 hxg5 38. Qb8+ Kg7 39. Qd6
Kg6 40. d4 Qb1 41. Qc6 Kg7 42. b7 Kf6 43. d5 Qe4+ 44. Kh2 Qh7+ 45. Kg2 Qe4+ 46.
Kf1 Qb1+ 47. Ke2 Qb2+ 48. Kd3 Qb1+ 49. Kc4 Qc2+ 50. Kb5 Qe2+ 51. Kb6 Qxf2+ 52.
Kc7 Qa7 53. Kc8 Qa3 54. d6 1-0

[Event "GBR-ch 103th"]
[Site "Bournemouth"]
[Date "2016.08.03"]
[Round "9.35"]
[White "Talbot, Nathan L"]
[Black "Miller, Dominic"]
[Result "0-1"]
[WhiteElo "2108"]
[BlackElo "1783"]
[PlyCount "111"]
[EventDate "2016.07.25"]
[EventType "swiss"]
[EventRounds "11"]
[EventCountry "GBR"]

1. Nf3 d5 2. g3 Nf6 3. Bg2 e6 4. O-O Be7 5. c4 O-O 6. b3 Nbd7 7. Bb2 b6 8. cxd5
exd5 9. Nd4 Bb7 10. Nf5 Re8 11. Nxe7+ Qxe7 12. Re1 Rad8 13. d3 Ne5 14. Nd2 Ba6
15. Nf3 Nfg4 16. h3 Nxf3+ 17. Bxf3 Ne5 18. Bg2 d4 19. a3 c5 20. b4 Bb7 21. Bxb7
Qxb7 22. Qb3 Qd7 23. Kg2 Re6 24. Bc1 Qc6+ 25. Kg1 Nf3+ 26. exf3 Rxe1+ 27. Kg2
Rde8 28. Bb2 Rxa1 29. Bxa1 Qe6 30. Qa4 Qe1 31. Qd7 g6 32. bxc5 bxc5 33. h4 Re2
34. Qd8+ Kg7 35. Bxd4+ cxd4 36. Qxd4+ Kg8 37. Qxa7 Re7 38. Qc5 Qe5 39. Qb6 Rd7
40. a4 Qd4 41. Qb8+ Rd8 42. Qc7 Ra8 43. a5 Qa7 44. Qc6 Qxa5 45. h5 Rd8 46. h6
Qd5 47. Qf6 Qd4 48. Qe7 Qxd3 49. Qf6 Qd4 50. Qe7 Qd6 51. Qe3 Qf6 52. f4 Qd4 53.
Qe7 Qd5+ 54. Kh2 Ra8 55. g4 Qd1 56. Qe4 0-1

[Event "GBR-ch 103th"]
[Site "Bournemouth"]
[Date "2016.08.03"]
[Round "9.36"]
[White "De Coverly, Roger D"]
[Black "Golding, Alex"]
[Result "0-1"]
[WhiteElo "2082"]
[BlackElo "1961"]
[PlyCount "126"]
[EventDate "2016.07.25"]
[EventType "swiss"]
[EventRounds "11"]
[EventCountry "GBR"]

1. e4 c5 2. Nf3 d6 3. g3 g6 4. Bg2 Bg7 5. O-O Nc6 6. c3 e5 7. d3 Nge7 8. a3 O-O
9. b4 b6 10. Nbd2 h6 11. Nc4 Be6 12. b5 Nb8 13. Nfd2 Qc7 14. Bb2 Nd7 15. Ne3
Rad8 16. Nd5 Nxd5 17. exd5 Bf5 18. Ne4 Nf6 19. c4 Nxe4 20. dxe4 Bc8 21. Qd2 f5
22. f4 exf4 23. gxf4 fxe4 24. Bxe4 Bxb2 25. Qxb2 Qg7 26. Qxg7+ Kxg7 27. a4 Rde8
28. Bg2 Bf5 29. Ra3 Rf7 30. a5 Kf6 31. axb6 axb6 32. Ra6 Rb7 33. Rfa1 Bd3 34.
R6a4 Kf5 35. R1a3 Re3 36. Bf1 Ke4 37. Ra8 Kd4 38. Kf2 Rf7 39. Rxd3+ Rxd3 40.
Bxd3 Kxd3 41. Rb8 Kxc4 42. Rxb6 Kxd5 43. Ke3 Re7+ 44. Kd3 Ra7 45. h4 Ra3+ 46.
Kc2 Rf3 47. Rb7 Rxf4 48. Rg7 Rxh4 49. Rxg6 Rb4 50. Rxh6 Rxb5 51. Rh5+ Kc6 52.
Rh6 Rb4 53. Rg6 Re4 54. Rh6 c4 55. Rg6 Kc5 56. Rg8 d5 57. Rg5 Kd4 58. Rh5 Re2+
59. Kd1 Re4 60. Rh3 c3 61. Rg3 Kc4 62. Rg8 d4 63. Rc8+ Kd3 0-1

[Event "GBR-ch 103th"]
[Site "Bournemouth"]
[Date "2016.08.03"]
[Round "9.37"]
[White "Modi, Shyam Jagdish"]
[Black "Mitra, Roman C"]
[Result "0-1"]
[WhiteElo "1655"]
[BlackElo "2073"]
[PlyCount "130"]
[EventDate "2016.07.25"]
[EventType "swiss"]
[EventRounds "11"]
[EventCountry "GBR"]

1. e4 e6 2. d4 d5 3. Nc3 dxe4 4. Nxe4 Nd7 5. Nf3 Ngf6 6. Bd3 Be7 7. Qe2 Nxe4 8.
Bxe4 Nf6 9. Bd3 c5 10. dxc5 Bxc5 11. Bg5 Be7 12. O-O-O Qa5 13. Kb1 O-O 14. h4
Rd8 15. g4 Bd7 16. Ne5 Bc6 17. Nxc6 bxc6 18. Bd2 Qa4 19. g5 Nd5 20. Qe4 Qxe4
21. Bxe4 Bc5 22. Rhf1 Rab8 23. c3 Rd7 24. Kc2 e5 25. a3 Rc7 26. b4 Be7 27. c4
Nb6 28. c5 Nd5 29. Kb3 Bxc5 30. Kc4 Be7 31. f4 Nxf4 32. Bxf4 exf4 33. Rxf4 a6
34. Rf5 Rb5 35. Rxb5 axb5+ 36. Kb3 c5 37. bxc5 Rxc5 38. Re1 Bf8 39. Bd3 Rd5 40.
Re3 g6 41. Be2 Kg7 42. Rg3 Re5 43. Bd3 Bd6 44. Rf3 Rd5 45. Rh3 Be5 46. Bc2 Bd6
47. Bd3 Re5 48. Rf3 Rd5 49. Rh3 Be7 50. Rf3 Re5 51. Rh3 h6 52. gxh6+ Kxh6 53.
Rf3 f5 54. Rh3 Kh5 55. a4 bxa4+ 56. Kxa4 Bxh4 57. Kb4 Kg4 58. Rh1 g5 59. Kc3 f4
60. Kd2 f3 61. Rf1 Kf4 62. Ba6 g4 63. Bb7 Re2+ 64. Kd3 Re1 65. Rxe1 Bxe1 0-1

[Event "GBR-ch 103th"]
[Site "Bournemouth"]
[Date "2016.08.03"]
[Round "9.38"]
[White "Shepherd, Katherine M"]
[Black "Walker, Samuel A"]
[Result "0-1"]
[WhiteElo "1932"]
[BlackElo "2022"]
[PlyCount "158"]
[EventDate "2016.07.25"]
[EventType "swiss"]
[EventRounds "11"]
[EventCountry "GBR"]

1. d4 Nf6 2. Nf3 g6 3. Nc3 d5 4. Bf4 Bg7 5. Qd2 c5 6. dxc5 O-O 7. e3 Qa5 8. Nb5
Qxd2+ 9. Nxd2 Na6 10. O-O-O Bf5 11. c6 bxc6 12. Nd4 Nb8 13. Bxb8 Raxb8 14. Nxc6
Rb7 15. Ba6 Rc7 16. Nd4 Bd7 17. h3 Rb8 18. c3 Rb6 19. Bd3 a5 20. f4 a4 21. Nc2
Rcb7 22. Nb4 a3 23. bxa3 Rc7 24. Nb1 e6 25. Kb2 Ba4 26. Rc1 Nd7 27. Bc2 Nc5 28.
Bb3 Bb5 29. Rhd1 Ne4 30. Rc2 Rb8 31. Rdc1 Rbc8 32. a4 Bc4 33. a5 Ra8 34. a6 Nc5
35. Bxc4 dxc4 36. Nd2 Nd3+ 37. Ka3 Bf8 38. Ka4 Bxb4 39. cxb4 Nxc1 40. Rxc1 c3
41. Ne4 Rxa6+ 42. Kb3 Rca7 43. Nxc3 e5 44. a4 exf4 45. exf4 Re6 46. b5 g5 47.
fxg5 Rg6 48. Kb4 Rxg5 49. Rc2 Rf5 50. Re2 Rf4+ 51. Re4 Rf2 52. Rg4+ Kf8 53. Kb3
f5 54. Rg3 Kf7 55. b6 Ra6 56. a5 Rd2 57. Ka4 Rb2 58. Rd3 Rbxb6 59. g4 fxg4 60.
hxg4 Rb2 61. Rd5 Kg6 62. Rb5 Rg2 63. Rb6+ Rxb6 64. axb6 Rxg4+ 65. Kb5 Rf4 66.
Nd5 Rf8 67. Ne7+ Kf6 68. Nc6 h5 69. Kc5 h4 70. Kd6 h3 71. Kc7 h2 72. Nd8 h1=Q
73. b7 Rxd8 74. b8=Q Rxb8 75. Kxb8 Qh7 76. Ka8 Ke6 77. Kb8 Kd6 78. Ka8 Kc6 79.
Kb8 Qb7# 0-1

[Event "GBR-ch 103th"]
[Site "Bournemouth"]
[Date "2016.08.03"]
[Round "9.39"]
[White "Dilleigh, Stephen P"]
[Black "Wager, John D"]
[Result "1/2-1/2"]
[WhiteElo "2053"]
[BlackElo "2053"]
[PlyCount "60"]
[EventDate "2016.07.25"]
[EventType "swiss"]
[EventRounds "11"]
[EventCountry "GBR"]

1. Nf3 Nf6 2. c4 c5 3. Nc3 Nc6 4. g3 g6 5. d4 cxd4 6. Nxd4 Bg7 7. Bg2 O-O 8.
O-O a6 9. c5 Nxd4 10. Qxd4 d6 11. Rd1 Nd7 12. Qh4 Nxc5 13. Be3 Nd7 14. Rac1 Nf6
15. Qb4 a5 16. Qa3 Ng4 17. Nd5 Nxe3 18. Qxe3 e6 19. Nc7 Rb8 20. Qa7 Bd7 21.
Qxa5 d5 22. Qb4 Bc6 23. Nb5 Qb6 24. a4 Rfc8 25. e3 Bxb5 26. Bf1 Bf8 27. Qxb5
Qxb5 28. Bxb5 Bd6 29. Kf1 Kf8 30. Ke2 Ke7 1/2-1/2

[Event "GBR-ch 103th"]
[Site "Bournemouth"]
[Date "2016.08.03"]
[Round "9.40"]
[White "Clark, Ian C"]
[Black "Dalton, Joseph"]
[Result "1-0"]
[WhiteElo "1963"]
[BlackElo "1928"]
[PlyCount "95"]
[EventDate "2016.07.25"]
[EventType "swiss"]
[EventRounds "11"]
[EventCountry "GBR"]

1. e4 g6 2. d4 Bg7 3. Nf3 d6 4. Bc4 a6 5. a4 b6 6. O-O e6 7. Bg5 Ne7 8. Nbd2
Nd7 9. Qe2 h6 10. Be3 O-O 11. Rad1 Bb7 12. Rfe1 Kh7 13. c3 d5 14. exd5 Nxd5 15.
Bd3 Qe7 16. Nf1 c5 17. Bc1 cxd4 18. Nxd4 Nc5 19. Bc2 Rfd8 20. Ng3 Qe8 21. f4
Nxa4 22. f5 Naxc3 23. fxg6+ fxg6 24. bxc3 Nxc3 25. Qg4 Nxd1 26. Nxe6 Bd4+ 27.
Kf1 Qf7+ 28. Nf4 Rg8 29. Rxd1 Rad8 30. Nge2 Bf6 31. Rxd8 Bxd8 32. h4 Bc7 33. h5
Bxf4 34. hxg6+ Rxg6 35. Bxf4 Bd5 36. Kg1 Be6 37. Qh5 Kg7 38. Be5+ Rf6 39. Nf4
Kf8 40. Bg6 Rxg6 41. Nxg6+ Ke8 42. Qxh6 Qf5 43. Qh8+ Kd7 44. Nf4 Kc6 45. Qe8+
Bd7 46. Qa8+ Kb5 47. Qd5+ Ka4 48. Qc4+ 1-0

[Event "GBR-ch 103th"]
[Site "Bournemouth"]
[Date "2016.08.03"]
[Round "9.41"]
[White "Davis, Lee"]
[Black "Varney, Zoe"]
[Result "0-1"]
[WhiteElo "1946"]
[BlackElo "1818"]
[PlyCount "55"]
[EventDate "2016.07.25"]
[EventType "swiss"]
[EventRounds "11"]
[EventCountry "GBR"]

1. d4 d5 2. g3 Nf6 3. Bg2 c6 4. Nf3 Bf5 5. O-O Nbd7 6. c4 e6 7. Nc3 h6 8. Qb3
Qb6 9. c5 Qxb3 10. axb3 Be7 11. b4 O-O 12. b5 cxb5 13. Nxb5 a6 14. Nc3 Rfc8 15.
Nd2 b6 16. b4 a5 17. cxb6 Rxc3 18. bxa5 Nxb6 19. Bb2 Rc2 20. axb6 Rxa1 21. Bxa1
Rxd2 22. Bc3 Rc2 23. b7 Nd7 24. Ba1 Rxe2 25. Rc1 Rc2 26. Rb1 Nb8 27. Bf1 Rxf2
28. Rb5 0-1

[Event "GBR-ch 103th"]
[Site "Bournemouth"]
[Date "2016.08.03"]
[Round "9.42"]
[White "Grigoryan, Meri"]
[Black "Grieve, Harry"]
[Result "0-1"]
[WhiteElo "1996"]
[BlackElo "1994"]
[PlyCount "64"]
[EventDate "2016.07.25"]
[EventType "swiss"]
[EventRounds "11"]
[EventCountry "GBR"]

1. d4 Nf6 2. Nf3 e6 3. Bf4 b6 4. e3 Bb7 5. a3 c5 6. Nc3 a6 7. dxc5 bxc5 8. Bd6
Nd5 9. Bxf8 Nxc3 10. Qd3 Kxf8 11. Qxc3 Qb6 12. Be2 d5 13. O-O f6 14. Rab1 Nc6
15. Rfd1 Kf7 16. Nd2 Rac8 17. Bh5+ g6 18. Bf3 Ne5 19. e4 d4 20. Nc4 Qc6 21.
Nxe5+ fxe5 22. Qd2 Rhd8 23. Qh6 Kg8 24. h4 Qd7 25. h5 Qf7 26. hxg6 Qxg6 27. Qh4
a5 28. Rd3 Rf8 29. Bh5 Qf6 30. Qg4+ Kh8 31. Rf3 Qh6 32. Rh3 Rf4 0-1

[Event "GBR-ch 103th"]
[Site "Bournemouth"]
[Date "2016.08.03"]
[Round "9.43"]
[White "Keely, Leo A"]
[Black "Jina, Taran"]
[Result "1-0"]
[WhiteElo "1938"]
[BlackElo "1764"]
[PlyCount "53"]
[EventDate "2016.07.25"]
[EventType "swiss"]
[EventRounds "11"]
[EventCountry "GBR"]

1. e4 e6 2. d4 d5 3. Nc3 Bb4 4. e5 Ne7 5. a3 Bxc3+ 6. bxc3 c5 7. Nf3 Nbc6 8. a4
Qa5 9. Qd2 b6 10. Bd3 Ba6 11. O-O O-O 12. Ba3 Rfc8 13. Rfb1 Rc7 14. Bb5 Bxb5
15. axb5 Nd8 16. Bc1 cxd4 17. Rxa5 dxc3 18. Qd3 bxa5 19. Ba3 Ng6 20. g3 Rc4 21.
h4 h5 22. Bd6 Nb7 23. Ra1 Rd8 24. Ra3 Rdc8 25. Ng5 Nc5 26. Qf3 Nh8 27. Qxh5 1-0